[Event "Sparkassen-Open A"]
[Site "Heusenstamm, Martinsee"]
[Date "2025.11.20"]
[Round "1.27"]
[White "Schmitzer, Klaus"]
[Black "Stumpf, Daniel"]
[Result "1-0"]
[WhiteElo "2230"]
[BlackElo "1960"]
[PlyCount "45"]
[EventDate "2025.11.20"]
[WhiteTeam "SK Münster 32 e. V."]
[BlackTeam "SC Schwarz-Weiß Lichtenrade e.V."]

1. e4 c5 2. Nf3 g6 3. d4 cxd4 4. Qxd4 Nf6 5. e5 Nc6 6. Qa4 Nd5 7. Qb3 Nb6 8. Bf4 Bg7 9. Nc3 O-O 10. a4 d6 11. exd6 e5 12. Bg5 Qxd6 13. Nb5 Qb4+ 14. Qxb4 Nxb4 15. O-O-O Bg4 16. Be7 Na2+ 17. Kb1 e4 18. h3 Rfe8 19. Ba3 Be6 20. Ng5 a6 21. Nxe6 axb5 22. Nxg7 Kxg7 23. Bxb5 1-0

[Event "Sparkassen-Open A"]
[Site "Heusenstamm, Martinsee"]
[Date "2025.11.20"]
[Round "1.28"]
[White "Kürschner, Matthias"]
[Black "Helmer, Jan"]
[Result "0-1"]
[WhiteElo "1939"]
[BlackElo "2239"]
[PlyCount "74"]
[EventDate "2025.11.20"]
[WhiteTeam "SK Langen"]
[BlackTeam "HSK Lister Turm"]

1. e4 c5 2. c4 Nc6 3. Ne2 g6 4. d4 cxd4 5. Nxd4 Bg7 6. Be3 Nf6 7. Nc3 Ng4 8. Qxg4 Nxd4 9. Qd1 Nc6 10. Qd2 d6 11. Be2 O-O 12. O-O Be6 13. Rac1 Qa5 14. b3 a6 15. Nd5 Qxd2 16. Bxd2 Rac8 17. Rfd1 Bb2 18. Rc2 Bg7 19. Rcc1 Rfe8 20. Be3 Bb2 21. Rc2 Ba3 22. Nb6 Rcd8 23. Na4 Rc8 24. Nb6 Rb8 25. Na4 Rec8 26. h3 Nb4 27. Rcd2 b5 28. Nb6 Rc7 29. e5 dxe5 30. Bh6 Nc6 31. cxb5 axb5 32. Nd5 Rcc8 33. b4 f6 34. Bxb5 Rxb5 35. Nxe7+ Nxe7 36. Rd8+ Kf7 37. Rxc8 Bxc8 0-1

[Event "Sparkassen-Open A"]
[Site "Heusenstamm, Martinsee"]
[Date "2025.11.20"]
[Round "1.29"]
[White "Ollenberger, Roland"]
[Black "Shanawaz Thabrez, Shahzaib"]
[Result "1-0"]
[WhiteElo "2216"]
[BlackElo "1945"]
[PlyCount "129"]
[EventDate "2025.11.20"]
[WhiteTeam "SV Worms 1878"]
[BlackTeam "SK Langen"]

1. e4 e5 2. d4 exd4 3. Qxd4 Nc6 4. Qe3 b6 5. Bc4 Bc5 6. Qg3 Qe7 7. Nc3 Nf6 8. Bg5 h6 9. Qh4 Bxf2+ 10. Kxf2 Qc5+ 11. Be3 Qxc4 12. Nge2 d5 13. h3 Nxe4+ 14. Nxe4 Qxe4 15. Qg3 Qe5 16. Bf4 Qxb2 17. Rhe1 Be6 18. c3 Qc2 19. Kg1 Rc8 20. Qxg7 Kd7 21. Qg3 Rhg8 22. Qh4 Rg6 23. g3 Rcg8 24. Rad1 Qe4 25. Kf2 Qc4 26. Qh5 Kc8 27. Rd2 Qc5+ 28. Kg2 Qc4 29. Kh2 Qe4 30. Rdd1 Qc4 31. Qf3 Rd8 32. Nd4 Nxd4 33. cxd4 Qxa2+ 34. Re2 Qa6 35. Rc1 Rd7 36. Rec2 Rg8 37. Qe3 Kb7 38. Rxc7+ Rxc7 39. Rxc7+ Ka8 40. Qc1 Qa4 41. Bxh6 Qb5 42. Qc2 Re8 43. Qc1 Bd7 44. g4 Qd3 45. Rc2 Qxd4 46. Bf4 Re4 47. Bg3 Qd3 48. Rf2 Re2 49. Qf4 Rxf2+ 50. Bxf2 Be6 51. h4 Qc4 52. Kg3 Qd3+ 53. Be3 Kb7 54. h5 Qh7 55. Qe5 a6 56. Qd4 Qg8 57. Qxb6+ Kc8 58. Qxa6+ Kd7 59. Qb7+ Kd6 60. Qb6+ Kd7 61. Qa7+ Kc6 62. Qa4+ Kb7 63. Qb5+ Ka8 64. Qa6+ Kb8 65. Bf4# 1-0

[Event "Sparkassen-Open A"]
[Site "Heusenstamm, Martinsee"]
[Date "2025.11.20"]
[Round "1.30"]
[White "Werner, Rosalie"]
[Black "Klundt, Klaus"]
[Result "1/2-1/2"]
[WhiteElo "1940"]
[BlackElo "2229"]
[PlyCount "113"]
[EventDate "2025.11.20"]
[WhiteTeam "VSG 1880 Offenbach"]
[BlackTeam "SC Heusenstamm"]

1. e4 c5 2. Nf3 e6 3. d4 cxd4 4. Nxd4 Nc6 5. Nc3 Qc7 6. Be2 a6 7. Be3 Nf6 8. O-O Bb4 9. Na4 Be7 10. Nxc6 bxc6 11. Nb6 Rb8 12. Nxc8 Qxc8 13. Bd4 c5 14. Be5 Rb6 15. b3 d6 16. Bb2 O-O 17. Qd3 Qc7 18. Qg3 Ne8 19. Bd3 Bf6 20. Bxf6 Nxf6 21. Rae1 Nh5 22. Qg5 g6 23. f4 Qd8 24. Qh6 d5 25. exd5 exd5 26. f5 c4 27. fxg6 hxg6 28. bxc4 dxc4 29. Bxc4 Rf6 30. Rxf6 Qxf6 31. Qe3 Ng7 32. Bb3 Nf5 33. Qe5 Qb6+ 34. Kh1 Rd8 35. Qe2 a5 36. Qc4 Qb7 37. Qe2 Qb4 38. Rd1 Rxd1+ 39. Qxd1 a4 40. c3 Qf4 41. Bxa4 Ne3 42. Qf3 Qxa4 43. Qxe3 Qxa2 44. h3 Qb1+ 45. Kh2 Qb8+ 46. Qg3 Qc8 47. Qe5 Qc6 48. Qd4 Qc7+ 49. Kh1 Kf8 50. c4 Ke7 51. Qe4+ Kf6 52. Qf3+ Ke7 53. Qe4+ Kf6 54. Kg1 Qd6 55. Kf2 Qd2+ 56. Kf3 Qc3+ 57. Ke2 1/2-1/2

[Event "Sparkassen-Open A"]
[Site "Heusenstamm, Martinsee"]
[Date "2025.11.20"]
[Round "1.31"]
[White "Geltz, Noah"]
[Black "Sasikumar Anitha, Sarvesh"]
[Result "1-0"]
[WhiteElo "2224"]
[BlackElo "1924"]
[PlyCount "93"]
[EventDate "2025.11.20"]
[WhiteTeam "TSV Schönaich"]
[BlackTeam "SK 1858 Gießen"]

1. d4 Nf6 2. Bf4 d5 3. Nf3 c5 4. e3 Nc6 5. Nbd2 cxd4 6. exd4 Bf5 7. c3 e6 8. Bb5 Qb6 9. Qb3 a6 10. Be2 Qxb3 11. axb3 Be7 12. O-O O-O 13. b4 Ne4 14. Nb3 g5 15. Be3 h6 16. Ne5 Rac8 17. Ra4 Nxe5 18. dxe5 Rxc3 19. Nd4 Rxe3 20. fxe3 Rc8 21. b5 axb5 22. Bxb5 Bg6 23. Ra7 Rc7 24. Ba6 Nc5 25. Rc1 Rd7 26. Ra8+ Kg7 27. Bb5 Rc7 28. Ra7 g4 29. b4 Bg5 30. Ra3 Na6 31. Rxc7 Nxc7 32. Be2 f6 33. Bxg4 fxe5 34. Nf3 Nb5 35. Ra5 Bxe3+ 36. Kh1 e4 37. Rxb5 exf3 38. Rxb7+ Kf6 39. Bxf3 d4 40. b5 d3 41. b6 h5 42. Rb8 e5 43. b7 Ba7 44. Ra8 e4 45. Rxa7 exf3 46. b8=Q f2 47. Qf4+ 1-0

[Event "Sparkassen-Open A"]
[Site "Heusenstamm, Martinsee"]
[Date "2025.11.20"]
[Round "1.32"]
[White "Moors, Christoph"]
[Black "Hoppstädter, Daniel"]
[Result "0-1"]
[WhiteElo "1908"]
[BlackElo "2214"]
[PlyCount "72"]
[EventDate "2025.11.20"]
[WhiteTeam "SC Erkrath 1973"]
[BlackTeam "SV 1926 Riegelsberg"]

1. d4 d5 2. c4 c6 3. Nf3 Nf6 4. e3 e6 5. Nc3 Nbd7 6. Qc2 Bd6 7. Be2 dxc4 8. Bxc4 b5 9. Be2 O-O 10. O-O Re8 11. e4 e5 12. dxe5 Nxe5 13. Rd1 Qc7 14. h3 Bb7 15. Bg5 Ng6 16. Bxf6 gxf6 17. Nd4 a6 18. Bf1 b4 19. Nf5 Bh2+ 20. Kh1 bxc3 21. g3 cxb2 22. Qxb2 Bxg3 23. fxg3 Qe5 24. Qxb7 Qxe4+ 25. Bg2 Qxf5 26. Qxc6 Rac8 27. Qxa6 Qg5 28. Rf1 f5 29. Qd3 f4 30. gxf4 Nxf4 31. Qf3 Rc2 32. Rf2 Rxf2 33. Qxf2 Re2 34. Qf3 Rxg2 35. Rf1 Rg3 36. Qa8+ Kg7 0-1

[Event "Sparkassen-Open A"]
[Site "Heusenstamm, Martinsee"]
[Date "2025.11.20"]
[Round "1.33"]
[White "Poysti, Nathanael"]
[Black "Hessler Carbonell, Louis"]
[Result "1-0"]
[WhiteElo "2207"]
[BlackElo "1936"]
[PlyCount "51"]
[EventDate "2025.11.20"]
[WhiteTeam "Buenos Aires"]
[BlackTeam "SK Marburg 1931/72"]

1. c4 e5 2. Nc3 Nc6 3. g3 f5 4. Bg2 Nf6 5. b3 Bc5 6. Bb2 O-O 7. e3 a5 8. Nge2 Qe8 9. O-O d6 10. d4 Bb6 11. dxe5 dxe5 12. Nb5 Be6 13. c5 Rd8 14. Qb1 Nb4 15. cxb6 Qxb5 16. bxc7 Qxe2 17. cxd8=Q Rxd8 18. Bxe5 Ng4 19. Bd4 f4 20. Qd1 Qb5 21. gxf4 Nd5 22. Qf3 Ndf6 23. Rad1 Nxh2 24. Qxb7 Qh5 25. Bxf6 Nf3+ 26. Qxf3 1-0

[Event "Sparkassen-Open A"]
[Site "Heusenstamm, Martinsee"]
[Date "2025.11.20"]
[Round "1.34"]
[White "Fock, Sana"]
[Black "Marcziter, Alex"]
[Result "1/2-1/2"]
[WhiteElo "1887"]
[BlackElo "2206"]
[PlyCount "159"]
[EventDate "2025.11.20"]
[WhiteTeam "FC ST.Pauli 1910 eV SAbt"]
[BlackTeam "Schachgemeinschaft Porz e. V."]

1. e4 d6 2. d4 Nf6 3. Nc3 g6 4. Be3 c6 5. f3 Nbd7 6. Qd2 Bg7 7. h4 O-O 8. O-O-O b5 9. Nh3 a5 10. Nf4 e5 11. dxe5 dxe5 12. Nd3 Qe7 13. Qf2 Rd8 14. Be2 Ba6 15. g4 h5 16. g5 Ne8 17. Kb1 Bf8 18. Rhf1 Nc7 19. f4 exf4 20. Bxf4 Ne6 21. Bd6 Qe8 22. e5 Bg7 23. Ne4 b4 24. Nf6+ Nxf6 25. gxf6 Bf8 26. Bxh5 Bxd6 27. exd6 Qf8 28. Rg1 Qh6 29. Bxg6 fxg6 30. Ne5 Nf8 31. Ng4 Qh7 32. f7+ Kh8 33. Ne5 Qg7 34. Qg3 Bc8 35. h5 g5 36. h6 Qf6 37. Rdf1 Bf5 38. Ng4 Qe6 39. Ne3 Bg6 40. Qxg5 Rxd6 41. Qf4 Rad8 42. Nc4 Rd5 43. Ne3 Rd4 44. Qf6+ Qxf6 45. Rxf6 R4d6 46. Rff1 R6d7 47. Ng4 Rxf7 48. Ne5 Rxf1+ 49. Rxf1 Kh7 50. Nxc6 Rd2 51. Ne5 Kxh6 52. Nxg6 Nxg6 53. Kc1 Rd5 54. c3 bxc3 55. bxc3 Kg5 56. Kc2 Nf4 57. Kb3 Kf5 58. Kc4 Rd2 59. a4 Rb2 60. Re1 Ng6 61. Rf1+ Ke6 62. Re1+ Kd6 63. Rd1+ Ke6 64. Re1+ Ne5+ 65. Kc5 Rd2 66. c4 Rb2 67. Kd4 Rd2+ 68. Kc5 Rd8 69. Kb5 Ra8 70. c5 Rb8+ 71. Ka6 Kd5 72. c6 Nxc6 73. Rd1+ Kc5 74. Rc1+ Kb4 75. Rc4+ Ka3 76. Rc3+ Rb3 77. Rxc6 Kxa4 78. Rc5 Rb8 79. Rxa5+ Kb4 80. Ka7 1/2-1/2

[Event "Sparkassen-Open A"]
[Site "Heusenstamm, Martinsee"]
[Date "2025.11.20"]
[Round "1.35"]
[White "Kupriyanov, Daniel"]
[Black "Stuhlmann, Florian"]
[Result "1-0"]
[WhiteElo "2197"]
[BlackElo "1933"]
[PlyCount "67"]
[EventDate "2025.11.20"]
[WhiteTeam "SVKT Bad Camberg 2025"]
[BlackTeam "SC Königsflügel Lindenholzhausen"]

1. d4 d5 2. c4 e6 3. Nf3 Nf6 4. g3 c6 5. Bg2 Be7 6. O-O O-O 7. Qc2 b6 8. b3 Bb7 9. Bb2 Nbd7 10. Nbd2 Rc8 11. Rac1 c5 12. e3 b5 13. Qb1 bxc4 14. bxc4 dxc4 15. Nxc4 Rc7 16. dxc5 Qa8 17. Nce5 Nxc5 18. Rfd1 Rfc8 19. Ne1 Bxg2 20. Nxg2 Nfe4 21. Nf4 Bf6 22. Nh5 Na4 23. Rxc7 Rxc7 24. Nxf6+ Nxf6 25. Bd4 Nc3 26. Bxc3 Rxc3 27. Qb7 Qf8 28. Nc6 Rxc6 29. Qxc6 h5 30. Qd6 Nd5 31. Qxf8+ Kxf8 32. Rb1 a5 33. Rb8+ Ke7 34. Ra8 1-0

[Event "Sparkassen-Open A"]
[Site "Heusenstamm, Martinsee"]
[Date "2025.11.20"]
[Round "1.36"]
[White "Spiegelberg, Silvia"]
[Black "Commercon, Simon"]
[Result "0-1"]
[WhiteElo "1929"]
[BlackElo "2198"]
[PlyCount "108"]
[EventDate "2025.11.20"]
[WhiteTeam "SF Sasbach e.V."]
[BlackTeam "SK Kaiserslautern 1905"]

1. e4 d6 2. Bc4 Nf6 3. Nc3 c6 4. a3 d5 5. exd5 cxd5 6. Bb5+ Nc6 7. d4 Bg4 8. Nge2 a6 9. Ba4 b5 10. Bb3 e6 11. O-O Bd6 12. h3 Bh5 13. Bg5 h6 14. Be3 Rc8 15. Qd2 Na5 16. Ba2 Bg6 17. Bf4 Be7 18. Rfe1 O-O 19. Nc1 Nc4 20. Bxc4 Rxc4 21. Nd3 Rxd4 22. Be3 Rxd3 23. cxd3 d4 24. Ne4 dxe3 25. Qxe3 Qd7 26. Red1 Nd5 27. Qf3 Rd8 28. Rac1 a5 29. Nc5 Qa7 30. d4 Bg5 31. Ra1 Qb6 32. Ne4 Bxe4 33. Qxe4 Bf6 34. Rac1 Ne7 35. b4 axb4 36. axb4 Nd5 37. Rc5 Be7 38. Rc2 Bxb4 39. Rdc1 Be7 40. Rc6 Qb8 41. Qb1 b4 42. Qb3 Bf6 43. R1c4 g6 44. g3 Kg7 45. Kg2 Qa7 46. Qd3 Qa1 47. R6c5 Qb2 48. Rb5 Rd7 49. Rb8 Ra7 50. Rcc8 Bxd4 51. Rc2 Qa1 52. Qb5 Qa4 53. Qc4 Be5 54. Rc8 b3 0-1

[Event "Sparkassen-Open A"]
[Site "Heusenstamm, Martinsee"]
[Date "2025.11.20"]
[Round "1.37"]
[White "Perske, Paul"]
[Black "Kürschner, Liam"]
[Result "1-0"]
[WhiteElo "2184"]
[BlackElo "1921"]
[PlyCount "47"]
[EventDate "2025.11.20"]
[WhiteTeam "Sfr.Heidesheim"]
[BlackTeam "SK Langen"]

1. d4 Nf6 2. c4 e6 3. Nf3 b6 4. g3 Ba6 5. b3 d5 6. Bg2 Bb7 7. cxd5 Bxd5 8. O-O Bb7 9. Nc3 c5 10. dxc5 Qxd1 11. Rb1 Bxc5 12. Nb5 Na6 13. a3 O-O 14. b4 Be7 15. Bb2 Rfc8 16. Rc1 Rxc1 17. Rxd1 Bd8 18. Ne5 Bxg2 19. Kxg2 Nd5 20. Nc6 Nac7 21. Nxc7 Bxc7 22. e4 Nf6 23. Bxf6 gxf6 24. Ne7+ 1-0

[Event "Sparkassen-Open A"]
[Site "Heusenstamm, Martinsee"]
[Date "2025.11.20"]
[Round "1.38"]
[White "Kalepky, Helmut"]
[Black "Musiienko, Tymur"]
[Result "0-1"]
[WhiteElo "1927"]
[BlackElo "2193"]
[PlyCount "54"]
[EventDate "2025.11.20"]
[WhiteTeam "Sfr.Heidesheim"]
[BlackTeam "Wiesbadener SV 1885"]

1. e4 e5 2. f4 exf4 3. Bc4 Nf6 4. Nc3 c6 5. Qe2 Bb4 6. Nf3 O-O 7. O-O d5 8. exd5 cxd5 9. Bb3 Nc6 10. Qd3 Bc5+ 11. Kh1 Nb4 12. Qb5 b6 13. Qe2 Re8 14. Qd1 d4 15. Ne2 d3 16. Nxf4 Ba6 17. Re1 Rxe1+ 18. Qxe1 Qc7 19. a3 Nxc2 20. Bxc2 Qxf4 21. Bd1 Re8 22. Qg3 Qxg3 23. hxg3 Ne4 24. Bb3 Nxg3+ 25. Kh2 Bd6 26. Kg1 Ne2+ 27. Kf1 Rc8 0-1

[Event "Sparkassen-Open A"]
[Site "Heusenstamm, Martinsee"]
[Date "2025.11.20"]
[Round "1.39"]
[White "Schwarz, David"]
[Black "Brehme, Ralf-Peter"]
[Result "1-0"]
[WhiteElo "2123"]
[BlackElo "1923"]
[PlyCount "98"]
[EventDate "2025.11.20"]
[WhiteTeam "SF Birkenfeld"]
[BlackTeam "Vorw.Orient Mainz"]

1. d4 e6 2. Nf3 f5 3. h4 Nf6 4. h5 Nc6 5. Bf4 d6 6. e3 Qe7 7. Bg5 Bd7 8. a4 e5 9. c3 Qf7 10. Na3 e4 11. Ng1 Be7 12. Be2 h6 13. Bxf6 Bxf6 14. Nh3 O-O-O 15. Nf4 Ne7 16. Nc4 Bg5 17. Ng6 Nxg6 18. hxg6 Qe6 19. d5 Qxg6 20. Na5 Rdf8 21. Qb3 b6 22. Nc6 Bxc6 23. dxc6 Kd8 24. a5 Qf7 25. Bc4 Qg6 26. g3 Ke8 27. axb6 axb6 28. Qb5 Bd8 29. Qa6 Qf6 30. Qc8 Qe7 31. Ra8 g5 32. Be2 Kf7 33. Qxf5+ Kg7 34. Qg4 Qf6 35. O-O d5 36. Qd7+ Qf7 37. Qxf7+ Rxf7 38. Rd1 Be7 39. Rxh8 Kxh8 40. Rxd5 Bd6 41. Bg4 Kg7 42. Rd4 Kf6 43. Rxe4 Re7 44. Rd4 Rh7 45. Bd7 Bc5 46. Rd5 h5 47. g4 hxg4 48. Kg2 Re7 49. b4 Bd6 1-0

[Event "Sparkassen-Open A"]
[Site "Heusenstamm, Martinsee"]
[Date "2025.11.20"]
[Round "1.40"]
[White "Büse, Ralf"]
[Black "Kersten, Uwe"]
[Result "0-1"]
[WhiteElo "1923"]
[BlackElo "2178"]
[PlyCount "68"]
[EventDate "2025.11.20"]
[WhiteTeam "SC Ladja Roßdorf"]
[BlackTeam "Kasseler SK 1876"]

1. d4 Nf6 2. Bf4 e6 3. e3 c5 4. c3 b6 5. Nd2 cxd4 6. exd4 Bb7 7. Ngf3 Be7 8. h3 O-O 9. Bd3 Ba6 10. Bxa6 Nxa6 11. Qc2 Nc7 12. O-O d6 13. Bg5 b5 14. a4 a6 15. Rfc1 Qd7 16. Qd1 Ncd5 17. b3 h6 18. Bxf6 Nxf6 19. c4 bxc4 20. bxc4 Rab8 21. Rab1 Qc6 22. Rb3 Nd7 23. Qc2 Rxb3 24. Qxb3 Rb8 25. Qc2 Bf6 26. Ne4 Rb4 27. Nxf6+ Nxf6 28. Nd2 a5 29. Ra1 g6 30. Kf1 Kg7 31. Kg1 Nh5 32. g3 Nf6 33. f3 d5 34. cxd5 Qxd5 0-1

[Event "Sparkassen-Open A"]
[Site "Heusenstamm, Martinsee"]
[Date "2025.11.20"]
[Round "1.41"]
[White "Förster, Erik"]
[Black "Nickel, Jonas"]
[Result "1-0"]
[WhiteElo "2167"]
[BlackElo "1919"]
[PlyCount "81"]
[EventDate "2025.11.20"]
[WhiteTeam "Sfr.Heidesheim"]
[BlackTeam "Schachdrachen Büdingen-Wächtersb"]

1. d4 d5 2. c4 c6 3. Nf3 e6 4. Nbd2 Nf6 5. g3 Nbd7 6. Bg2 Bd6 7. O-O O-O 8. b3 b6 9. Bb2 Qc7 10. Qc2 Bb7 11. e4 dxe4 12. Ng5 e5 13. Ndxe4 exd4 14. Bxd4 Be5 15. Bxe5 Qxe5 16. Rfe1 Qc7 17. Rad1 c5 18. Bh3 Nxe4 19. Rxd7 Qc6 20. Qxe4 Qxe4 21. Nxe4 Bc8 22. Nc3 Bxd7 23. Bxd7 Rfd8 24. Bc6 Rac8 25. Bd5 Rd7 26. Ne4 Kf8 27. f4 Re7 28. f5 Re5 29. g4 Rce8 30. Kf2 R8e7 31. Kf3 Re8 32. Kf4 R8e7 33. h4 Re8 34. Bxf7 Rxe4+ 35. Rxe4 Rxe4+ 36. Kxe4 Kxf7 37. g5 Ke8 38. Kd5 Kd7 39. a4 h6 40. a5 h5 41. a6 1-0

[Event "Sparkassen-Open A"]
[Site "Heusenstamm, Martinsee"]
[Date "2025.11.20"]
[Round "1.42"]
[White "Spiric, Igor"]
[Black "Fischermann, Simon"]
[Result "1-0"]
[WhiteElo "2174"]
[BlackElo "1916"]
[PlyCount "39"]
[EventDate "2025.11.20"]
[WhiteTeam "SC Diogenes e.V."]
[BlackTeam "SG Porz e. V."]

1. d4 Nf6 2. c4 g6 3. Nc3 d5 4. cxd5 Nxd5 5. e4 Nxc3 6. bxc3 Bg7 7. Bb5+ c6 8. Ba4 O-O 9. Bb3 c5 10. Ne2 Nc6 11. e5 Na5 12. Bc2 Be6 13. O-O Bc4 14. Re1 Rc8 15. Nf4 e6 16. Nh5 Bh8 17. Qg4 f5 18. exf6 Qe8 19. Bh6 Rf7 20. Bxg6 1-0

[Event "Sparkassen-Open A"]
[Site "Heusenstamm, Martinsee"]
[Date "2025.11.20"]
[Round "1.43"]
[White "Klein, Deniz"]
[Black "Sheng, Ming"]
[Result "1/2-1/2"]
[WhiteElo "1913"]
[BlackElo "2178"]
[PlyCount "81"]
[EventDate "2025.11.20"]
[WhiteTeam "SK Kaiserslautern 1905"]
[BlackTeam "SVG Saarbrücken 1970 e.V."]

1. e4 c6 2. d4 d5 3. Nc3 dxe4 4. Nxe4 Bf5 5. Ng3 Bg6 6. h4 h6 7. Nf3 e6 8. h5 Bh7 9. Bd3 Bxd3 10. Qxd3 Nf6 11. Bf4 Qa5+ 12. Bd2 Qa6 13. Qxa6 Nxa6 14. O-O-O Bd6 15. Ne5 O-O 16. Rhe1 Rfd8 17. f4 c5 18. Be3 Nd5 19. Ne4 Bf8 20. dxc5 Nxe3 21. Rxe3 Rxd1+ 22. Kxd1 f5 23. Nd2 Nxc5 24. Nd3 Re8 25. Nxc5 Bxc5 26. Rd3 Bb6 27. Nf3 Rd8 28. Rxd8+ Bxd8 29. Nd4 Kf7 30. Nb5 Ke7 31. Nxa7 Bc7 32. g3 e5 33. Nb5 Bb8 34. Nc3 Kf7 35. Ne2 g6 36. hxg6+ Kxg6 37. fxe5 Bxe5 38. b3 Kg5 39. Ke1 Bd6 40. c3 Kf6 41. Kf2 1/2-1/2

[Event "Sparkassen-Open A"]
[Site "Heusenstamm, Martinsee"]
[Date "2025.11.20"]
[Round "1.44"]
[White "Feldmann, Johannes"]
[Black "Dubinker, Philipp"]
[Result "1/2-1/2"]
[WhiteElo "2175"]
[BlackElo "1911"]
[PlyCount "90"]
[EventDate "2025.11.20"]
[WhiteTeam "SV Worms 1878"]
[BlackTeam "SK Marburg 1931/72"]

1. c4 e6 2. Nf3 Nf6 3. g3 d5 4. d4 Bb4+ 5. Bd2 Be7 6. Bg2 O-O 7. O-O c6 8. Qc2 Nbd7 9. Bf4 Nh5 10. Bc1 Nhf6 11. Bf4 Nh5 12. Bc1 Nhf6 13. b3 b6 14. Bb2 Bb7 15. Nc3 Rc8 16. Rad1 Ba6 17. Nd2 b5 18. e4 bxc4 19. bxc4 Nb6 20. e5 Ne8 21. c5 Bxf1 22. Bxf1 Nd7 23. Bd3 g6 24. Ne2 Ng7 25. Nf3 f6 26. exf6 Bxf6 27. Nf4 Rb8 28. Bc3 Re8 29. Re1 Qc7 30. Qd2 e5 31. Ba5 Qc8 32. dxe5 Nxe5 33. Nxe5 Rxe5 34. Rd1 Ne6 35. Bc3 Nxc5 36. Bxe5 Bxe5 37. Bc2 Qc7 38. Qe3 Qd6 39. Nd3 Nxd3 40. Qxd3 a5 41. Bb3 Qc5 42. Rd2 Kh8 43. Rc2 Qb6 44. Kg2 Rd8 45. Qe3 Qxe3 1/2-1/2

[Event "Sparkassen-Open A"]
[Site "Heusenstamm, Martinsee"]
[Date "2025.11.20"]
[Round "1.45"]
[White "Weil, Michael"]
[Black "Marcziter, Dmitrii"]
[Result "0-1"]
[WhiteElo "1907"]
[BlackElo "2165"]
[PlyCount "74"]
[EventDate "2025.11.20"]
[WhiteTeam "SC Steinbach"]
[BlackTeam "Schachgemeinschaft Porz e. V."]

1. d4 Nf6 2. Nf3 g6 3. Bg5 Bg7 4. Nbd2 O-O 5. e3 d6 6. Bd3 Nbd7 7. c3 e5 8. Qc2 b6 9. O-O-O Bb7 10. dxe5 dxe5 11. Ne4 Qe7 12. Nfd2 h6 13. Nxf6+ Nxf6 14. Bxf6 Qxf6 15. Be4 Bxe4 16. Nxe4 Qe7 17. Qa4 Rad8 18. Rxd8 Rxd8 19. Rd1 a5 20. Rxd8+ Qxd8 21. Qc6 Kh7 22. c4 Qd3 23. Nd2 e4 24. Nxe4 Qf1+ 25. Kc2 Qe2+ 26. Nd2 Qxf2 27. Qxc7 Qxe3 28. Qxf7 Qe5 29. b3 Qxh2 30. Qb7 Qd6 31. a4 Qd4 32. Qd5 Qf6 33. Kd3 h5 34. Ne4 Qf1+ 35. Ke3 Bh6+ 36. Kd4 Qa1+ 37. Nc3 Bg7+ 0-1

[Event "Sparkassen-Open A"]
[Site "Heusenstamm, Martinsee"]
[Date "2025.11.20"]
[Round "1.46"]
[White "Müller, Elias"]
[Black "Faulhaber, Tobias"]
[Result "0-1"]
[WhiteElo "2109"]
[BlackElo "1906"]
[PlyCount "86"]
[EventDate "2025.11.20"]
[WhiteTeam "SK Kaiserslautern 1905"]
[BlackTeam "SC Schifferstadt"]

1. e4 e6 2. d4 d5 3. Nc3 h6 4. a3 Nf6 5. e5 Nfd7 6. f4 c5 7. Nf3 Nc6 8. Be3 Be7 9. Qd2 O-O 10. dxc5 Bxc5 11. O-O-O Qb6 12. Bxc5 Nxc5 13. Bd3 Bd7 14. g4 Na5 15. Kb1 Nxd3 16. cxd3 Nb3 17. Qe1 Rac8 18. Ka2 d4 19. Ne4 a5 20. Nfd2 Nxd2 21. Rxd2 Bc6 22. Ka1 Bd5 23. Qb1 Qb3 24. Rg1 Rc7 25. Nd6 b5 26. g5 h5 27. Rdd1 b4 28. Nb5 Rc5 29. Nxd4 Qa4 30. b3 Qxa3+ 31. Qa2 Qxa2+ 32. Kxa2 Rc3 33. Kb2 Rd8 34. Rg3 a4 35. bxa4 Ra3 36. Nc2 Ra2+ 37. Kb1 Rxa4 38. d4 Rda8 39. Rdd3 Be4 40. Rd2 Ra2 41. Re3 Bf5 42. Rg3 Rxc2 43. Rxc2 Rc8 0-1

[Event "Sparkassen-Open A"]
[Site "Heusenstamm, Martinsee"]
[Date "2025.11.20"]
[Round "1.47"]
[White "Peter, Laurenz"]
[Black "Kather, Yannick"]
[Result "1/2-1/2"]
[WhiteElo "1896"]
[BlackElo "2153"]
[PlyCount "40"]
[EventDate "2025.11.20"]
[WhiteTeam "SPORTGEM Kaarst 1912/35"]
[BlackTeam "SV Mattnetz Berlin e.V."]

1. d4 Nf6 2. Nf3 g6 3. c4 Bg7 4. Nc3 d5 5. Bg5 Ne4 6. Bh4 Nxc3 7. bxc3 c5 8. e3 Nc6 9. Rc1 cxd4 10. cxd4 O-O 11. Be2 dxc4 12. Bxc4 Qa5+ 13. Qd2 Qxd2+ 14. Nxd2 Na5 15. Be2 Be6 16. O-O Rfc8 17. Bxe7 Bxa2 18. Bf3 Nc6 19. Bd6 a5 20. Rc2 Rd8 1/2-1/2

[Event "Sparkassen-Open A"]
[Site "Heusenstamm, Martinsee"]
[Date "2025.11.20"]
[Round "1.48"]
[White "Lauer, Marius"]
[Black "Fang, Borui"]
[Result "1-0"]
[WhiteElo "2151"]
[BlackElo "1902"]
[PlyCount "133"]
[EventDate "2025.11.20"]
[WhiteTeam "SK Kaiserslautern 1905"]
[BlackTeam "SV Oberursel"]

1. Nf3 Nf6 2. c4 c6 3. Nc3 d5 4. e3 e6 5. b3 Be7 6. Bb2 Nbd7 7. Qc2 b6 8. Be2 Bb7 9. h4 Rc8 10. Rg1 h5 11. Qd1 c5 12. cxd5 exd5 13. Rc1 Ng4 14. g3 Ndf6 15. d4 O-O 16. Ne5 cxd4 17. exd4 Bb4 18. Nxg4 hxg4 19. Kf1 Bxc3 20. Rxc3 Rxc3 21. Bxc3 Ne4 22. Be1 f5 23. Kg2 Qf6 24. Qd3 Rc8 25. Bd2 Kf7 26. Rc1 Rxc1 27. Bxc1 Qc6 28. Be3 g6 29. Bg5 Qc3 30. Qb5 Qc6 31. Qb4 Nxg5 32. hxg5 Qc2 33. Bf1 Qe4+ 34. Kg1 Qe7 35. Qa4 a5 36. Qb5 Qb4 37. Qd7+ Qe7 38. Qb5 Qb4 39. Be2 Qxb5 40. Bxb5 Ke7 41. Kf1 Bc8 42. Bc6 Be6 43. Ke2 Bf7 44. Ke3 Kd6 45. Bb5 Ke7 46. Kd3 Be8 47. Ba6 Kd6 48. Kc3 b5 49. a4 bxa4 50. b4 axb4+ 51. Kxb4 Bd7 52. Bd3 Be8 53. Bc2 a3 54. Kxa3 Bb5 55. Kb4 Be2 56. Ba4 Bd3 57. Be8 f4 58. gxf4 Be4 59. Bf7 Kd7 60. Bg8 Kd6 61. Kc3 Bf5 62. Bf7 Be4 63. Be8 Ke7 64. Bb5 Ke6 65. Kd2 Bf3 66. Ba6 g3 67. Bc8+ 1-0

[Event "Sparkassen-Open A"]
[Site "Heusenstamm, Martinsee"]
[Date "2025.11.20"]
[Round "1.49"]
[White "Werner, Tom"]
[Black "Klein, Levent"]
[Result "0-1"]
[WhiteElo "1895"]
[BlackElo "2142"]
[PlyCount "52"]
[EventDate "2025.11.20"]
[WhiteTeam "VSG 1880 Offenbach"]
[BlackTeam "SK Kaiserslautern 1905"]

1. c4 c6 2. Nc3 d5 3. cxd5 cxd5 4. d4 Nf6 5. Nf3 g6 6. e3 Nc6 7. Bd3 Bg7 8. a3 O-O 9. b4 Bf5 10. Bxf5 gxf5 11. h4 Rc8 12. Bd2 Ne4 13. Nxe4 dxe4 14. Ng5 h6 15. Qh5 e5 16. b5 exd4 17. bxc6 dxe3 18. Bxe3 Bxa1 19. O-O Qf6 20. cxb7 Rc7 21. Rb1 Rb8 22. Qd1 Be5 23. Nxe4 fxe4 24. Bxa7 Rbxb7 25. Rxb7 Rxb7 26. Qg4+ Qg5 0-1

[Event "Sparkassen-Open A"]
[Site "Heusenstamm, Martinsee"]
[Date "2025.11.20"]
[Round "1.50"]
[White "Seidel, Andre"]
[Black "Arne, Jonas"]
[Result "1-0"]
[WhiteElo "2142"]
[BlackElo "1896"]
[PlyCount "61"]
[EventDate "2025.11.20"]
[WhiteTeam "SV Oberursel"]
[BlackTeam "SK Kaiserslautern 1905"]

1. d4 Nf6 2. Nf3 e6 3. Bf4 d5 4. e3 c5 5. c3 Bd6 6. Bg3 Bxg3 7. hxg3 Nc6 8. Nbd2 Qb6 9. Qb3 O-O 10. Bd3 c4 11. Qxb6 axb6 12. Bc2 b5 13. Ne5 h6 14. Nxc6 bxc6 15. Nf3 c5 16. dxc5 Nd7 17. c6 Nc5 18. Ke2 Rb8 19. b4 Na4 20. Bxa4 bxa4 21. Rab1 Ba6 22. Nd4 Bb5 23. Rh5 Rfc8 24. e4 g6 25. Re5 Bxc6 26. Nxc6 Rxc6 27. exd5 exd5 28. Rd1 Re6 29. Rdxd5 Rbe8 30. Rxe6 Rxe6+ 31. Kd2 1-0